Mobil v úlohe predavača. Science-fiction? Nie, súčasnosť

Snom každého obchodníka je dosiahnuť, aby okoloidúci do obchodu vstúpil a aj nakúpil. Túto zdanlivo prostú požiadavku je dnes čoraz náročnejšie naplniť. Ako je to vôbec možné? Odpoveďou je proximity marketing, moderné technológie a mobil. Technológia s potenciálom.

Gespeichert in:
Bibliographische Detailangaben
1. Verfasser: Tomčík, Michal
Format: Buchkapitel
Sprache:Slowakisch
Schlagworte:
Tags: Tag hinzufügen
Keine Tags, Fügen Sie das erste Tag hinzu!

MARC

LEADER 00000naa a2200000 4500
001 0208877
005 20231208070658.2
041 0 |a slo 
044 |a SK 
245 1 0 |a Mobil v úlohe predavača. Science-fiction? Nie, súčasnosť  |c Michal Tomčík 
520 |a Snom každého obchodníka je dosiahnuť, aby okoloidúci do obchodu vstúpil a aj nakúpil. Túto zdanlivo prostú požiadavku je dnes čoraz náročnejšie naplniť. Ako je to vôbec možné? Odpoveďou je proximity marketing, moderné technológie a mobil. Technológia s potenciálom. 
610 2 0 |a predaj 
610 2 0 |a nákup 
610 2 0 |a technológie obchodné 
610 2 0 |a telefón mobilný 
610 2 0 |a marketing elektronický 
610 2 0 |a marketing nákupný 
610 2 0 |a marketing priamy 
100 1 |a Tomčík, Michal